000 00433nam a2200181 a 4500
001 1771067064120
003 YourLibrary
005 20260214163807.0
008 260214s2009##################000#0#eng##
020 _a9780415498395
082 0 4 _a320
_bALL
100 1 _aAuthors, Various,
_eauthor.
245 1 0 _aTsur 51. 2 :
260 _c2009.
650 0 _aHistory.
942 _cENGLISH
040 _aYourLibrary
_beng
_cYourLibrary
999 _c612590
_d612590